000 01105nam a22002415i 4500
001 164874
003 ES-MaACL
005 20250930063145.0
008 940301s1872 sp |||| | spa d
100 1 _aSchack, Adolph Friedrich von,
_d1815-1894
_9132530
245 1 0 _aPoesía y arte de los árabes en España y Sicilia /
_cpor Adolfo Federico de Schack ; traducción del alemán por Juan Valera.
250 _a2ª ed.
260 _aMadrid :
_b[s.n.],
_c1872 (
_fImp. y Estereotipia de M. Rivadeneyra)
300 _a3 t. en 1 v. ;
_c19 cm.
530 _aDisponible en formato digital.
650 4 _aPoesía árabe-
_zAl-Andalus-
_xHistoria y crítica.
_9158441
650 4 _aArquitectura musulmana-
_zEspaña.
_910037
650 4 _aArquitectura musulmana-
_zSicilia.
_9158442
700 1 _aValera, Juan,
_d1824-1905
_9112638
852 _aES-MaACL
_jF-12374
_z- Enc. hol.
_z- Ded. de Juan Valera a Carlos Navarro Rodríguez
856 _uhttp://www.bibliotecavirtualdeandalucia.es/catalogo/es/consulta/registro.do?id=1044717
_zBiblioteca Virtual de Andalucía
999 _c164874
_d164874